Európska komisia, jej vývoj a súčasná pôsobnosť v oblasti humanitárnej pomoci bakalárska práca

Saved in:
Bibliographic Details
Main Author: Moťovská, Marianna
Corporate Author: Fakulta medzinárodných vzťahov EU. Katedra diplomacie a medzinárodných vzťahov
Other Authors: Mattoš, Boris, 1977-
Format: Book
Language:Slovak
Published: Bratislava 2009
Tags: Add Tag
No Tags, Be the first to tag this record!

MARC

LEADER 00000nam$a2200000$$$4500
001 0099899
005 20240320074935.4
041 0 |a slo 
044 |a SK 
245 1 0 |a Európska komisia, jej vývoj a súčasná pôsobnosť v oblasti humanitárnej pomoci  |b bakalárska práca  |c Marianna Moťovská ; škol. Boris Mattoš 
264 1 |a Bratislava  |c 2009 
300 |a 56 s. 
100 1 |a Moťovská, Marianna 
700 1 |a Mattoš, Boris, 1977- 
710 2 |a Fakulta medzinárodných vzťahov EU. Katedra diplomacie a medzinárodných vzťahov